000 00589nam a2200205Ia 4500
005 20250923145053.0
008 008 250917s9999 xx 000 0 eng d
037 _aTextual
040 _aDSWL
_beng
_cDSWL
041 _aeng
_2eng
084 _aYX,ZB:4, N66
_qDSWL
100 _aFonseca, Mabel
_9831484
245 0 _aCounselling for marital happiness
_cby Mabel Fonseca
260 _aBombay
_bManaktala & Sons Pvt. ltd.
_c1966
300 _aiv,77p.
365 _aINR
_b30.00
925 _g30.00
942 _cTEXL
_hYX,ZB:4, N66
999 _c1446734
_d1446734